00461nam a22001697a 450000500170000000800410001702000190005802200150007704100120009208200120010410000120011624500570012825000190018526000320020430000300023665000250026620240923123414.0240923b |||||||| |||| 00| 0 eng d a09780409022629 a0409004480 aEnglish a349 JOU lEnglish aThe Law of South Africa / cWA Joubert and JA Faris  aSecond Edition aDurban: bLexisNexis,c2007 bvii, 361 pages; c26 cm.  aLegal practice bLaw